Notable Canadian MLB Players - Statistics

General Stats
  • This quiz has been taken 58 times
  • The average score is 5 of 42
Answer Stats
Teams Position Player % Correct
CIN 1B Joey Votto
75%
TOR 1B, 3B Vladimir Guerrero Jr.
33%
HOU, SEA 2B, 3B Abraham Toro
25%
WAS, COL, STL OF Larry Walker
25%
SEA, NYY, BOS P James Paxton
23%
SD, PIT, BOS, NYM, SEA OF Jason Bay
19%
WSN, BOS, OAK, CHC, MIL, PIT, KC, TEX, DET, TOR, PHI, SD OF, 1B Matt Stairs
19%
SD, CLE P Cal Quantrill
15%
BOS, PHI, TOR, LAD, NYY, SD, MIA P Paul Qauntrill
15%
PHI, CHC, TEX, BOS P Fergie Jenkins
13%
SD, CLE 1B, OF Josh Naylor
13%
MIN, PIT, COL, CHW 1B Justin Morneau
13%
SEA, TOR, PHI OF Michael Saunders
13%
LAD, NYY, PIT, TOR C Russell Martin
13%
PHI, BOS P Nick Pivetta
12%
BAL, SEA, BOS, PIT, HOU, TB P Erik Bedard
10%
TOR P Jordan Romano
10%
ATL P Mike Soroka
10%
MIA, CIN, CHC, TEX, BOS, P Ryan Dempster
10%
SF, BAL, Chicago Pirates, CIN OF Tip O'Neill
10%
STL OF Tyler O'Neill
10%
TOR, OAK, CHW 2B, 3B Brett Lawrie
8%
COL, KC, CIN, OAK, NYY, TOR P Jeff Francis
8%
STL, BOS, WSN, PHI, CIN P Rheal Cormier
8%
LAD, TEX, BOS, MIL P Eric Gagne
6%
HOU, KC OF Terry Puhl
6%
CHW, ATL, HOU, WSN P Claude Raymond
4%
MIL, STL, CLE, PIT, COL, OAK, TOR, LAD P John Axford
4%
LAA, CHW P Kirk McCaskill
4%
ATL, WSN, PHI P Pete Orr
4%
MIA P Zach Pop
4%
MIN, TOR, SEA P Andrew Albers
2%
TOR OF Dalton Pompey
2%
DET OF Jacob Robson
2%
DET P John Hiller
2%
STL, BOS, TEX, MIL P Reggie Cleveland
2%
TOR, LAA, TEX, SEA, PHI, WSN OF Rob Ducey
2%
SD, CHC P Rowan Wick
2%
CLE, MIN, BAL, ATL, OF Jeff Heath
0%
WSN, MIA, DET C Joe Siddall
0%
BAL, CHW, NYY 1B, 3B, OF Pete Ward
0%
CLE, STL, HOU, NYM, SD P Ron Taylor
0%
No matching quizzes found
Score Distribution
Percent of People with Each Score
Percentile by Number Answered
Your Score History
You have not taken this quiz